Blueberries

Gorde:
Xehetasun bibliografikoak
Egile Nagusiak: Retamales, Jorge B (Egilea), Hancock, James F (Egilea)
Formatua: Liburua
Hizkuntza:ingelesa
Argitaratua: Oxford CABI 2018
Edizioa:2a. ed
Saila:Crop Production Science in Horticulture, 29
Gaiak:
Etiketak: Etiketa erantsi
Etiketarik gabe, Izan zaitez lehena erregistro honi etiketa jartzen!

MARC

LEADER 00000cam a2200000 a 4500
001 UCC5341
003 CL-VaPUC
008 181005e20180000uk |||||||||||||||||eng|d
020 |a 9781780647265 
082 0 4 |a 634.737  |b RET  |2 21 
100 0 |a Retamales, Jorge B  |e author  |9 599670 
700 |a Hancock, James F  |e author  |9 599671 
245 1 0 |a Blueberries 
250 |a 2a. ed 
300 |a 411 p 
942 |c BK 
945 |d 20181005 11:02:00  |a dcastane 
260 |a Oxford  |b CABI  |c 2018 
650 0 |a Arándano  |9 259695 
650 7 |a CULTIVO DE BERRIES  |2 CL-VaPUC  |9 552921 
650 0 |a Horticultura  |9 259721 
583 |a last modification  |c 20181005 11:02:00  |k Rodrigo Vera 
490 0 |a Crop Production Science in Horticulture, 29 
999 |c 372594  |d 372592 
952 |0 0  |1 0  |3 erb  |4 0  |6 634_737000000000000_RET_2018  |7 0  |8 A  |9 490277  |a BIBAGR  |b BIBAGR  |i 5504619  |l 1  |o 634.737 RET 2018  |p 5504619  |r 2025-01-20  |s 2022-08-29  |w 2019-11-24  |y BK  |z Catalogado en:20181005  |k AGR